000
00346cam a2200145ua 4500
041
_a
eng
_h
082
_a
954.01
_b
MAH/AD
100
_a
Mahendra, R C .
245
_a
Advanced history of India, Part 1 /
_c
R C Mahendra.
_h
Textual Documents
300
_a
297 ; .
504
_a
700
1
_a
Rajachandra, .
942
_c
BK
999
_c
3352
_d
3352